000 01110cam a2200241 a 4500
001 15989663
003 PACU
005 20150211151551.0
008 091119s2010 enk b 001 0 eng
010 _a 2009047333
020 _a9780195395259 (cloth : acidfree paper)
040 _aPACU
_cPACU
_beng
050 0 0 _aHC 85
_b.C656 2010
100 1 _aCollier, Paul.
245 1 4 _aThe plundered planet :
_bwhy we must, and how we can, manage nature for global prosperity /
_cPaul Collier.
260 _aOxford ;
_aNew York :
_bOxford University Press,
_c2010.
300 _axv, 271 p. ;
_c22 cm.
504 _aIncludes bibliographical references (p. [245]-247) and index.
505 0 _aPoverty and plunder -- Is nature priceless? -- Cursed by nature? -- Discovering natural assets -- The capture of natural assets -- Selling the family silver -- Investing in investing -- Is a fish a natural asset? -- Natural liabilities -- Romance and hunger -- Restoring natural order.
650 0 _aNatural resources
_xManagement.
650 0 _aSustainable development.
942 _2lcc
_cBK
_hHC 85
_i.C656
_m2010
999 _c14035
_d14035